MDQL
is popping MORE tags! Check the
thread
!
Quizzes
Events
Quiz Creation
Community
Videos
Private Events
Remove Ads
Sign In
Join for FREE
Feedback
Dark Mode
Quiz Categories
Sports
Geography
Music
Movies
Television
Just For Fun
Miscellaneous
History
Literature
Language
Science
Gaming
Entertainment
Religion
Holiday
For Kids
Quiz Lab
Recent
Popular Today
Quiz Kudos Today
Editor Picks
Curator Picks
Quizzes by...
Day
Popularity
Type
Ratings
Length
Year
Community
Subscriptions
Recent Discussions
Orange Saloon
Badges
Playlists
Quests
Create
Leaderboards
Showdown
Live 5
Trivia Bingo
Activity
Puzzle Library
Sporcle Events
Private Events
Virtual Trivia
Globe League
Become a Host
Pub Owners
SporcleCon
Opinionation
Our Games
Videos
Blog
Mobile Apps
Partnerships
Remove Ads and Go Orange
Feedback
Gaming
Video Games
Board Games
Card Games
Pokémon
Mario
Nintendo
Minecraft
Console
Toys
Legend of Zelda
Gaming
Video Games
Board Games
Card Games
Pokémon
Mario
Nintendo
Minecraft
Console
Toys
Legend of Zelda
Random Quiz
Search Sporcle
×
Quiz Lab
Quiz Lab
Gaming
magic
Type in answers that appear in a list
Type in answers that appear in a list
Classic
Best Score? Go Orange.
Heroes of Might and Magic III Characters Stats
Can you name the Heroes of Might and Magic III Characters
By
cjm87
20m
154 Questions
110 Plays
110 Plays
110 Plays
Comments
Comments
Give Quiz Kudos
Give Quiz Kudos
-
- Ratings
hide this ad
Replay
Link that replays current quiz
Next Quiz
Link to next quiz in quiz playlist
You Got
0%
They Got
Avg Score
34%
Avg Friend Score
Upgrade to see
Score Distribution
Jump to the score distribution portion of the page
Score
0/154
Timer
20:00
0
Plays Today
Force
Hero character
% Correct
Necropolis
Sandro
74.5%
Castle (Story)
Catherine
72.7%
Rampart
Gem
70%
Castle
Christian
68.2%
Stronghold
Crag Hack
67.3%
Tower
Solmyr
66.4%
Castle
Adela
63.6%
Rampart (Story)
Gelu
63.6%
Castle
Lord Haart
56.4%
Castle (Story)
Roland
54.5%
Castle
Tyris
53.6%
Castle
Adelaide
53.6%
Rampart
Ivor
51.8%
Rampart
Kyrre
51.8%
Castle
Orrin
50.9%
Castle (Story)
Sir Mullich
50.9%
Castle
Valeska
50%
Tower
Aine
49.1%
Stronghold
Yog
49.1%
Necropolis
Vidomina
49.1%
Castle
Edric
48.2%
Castle
Sorsha
47.3%
Rampart
Mephala
47.3%
Dungeon
Gunnar
46.4%
Castle
Rion
44.5%
Fortress
Tazar
44.5%
Dungeon (Story)
Mutare
44.5%
Necropolis
Vokial
42.7%
Rampart
Jenova
41.8%
Necropolis
Nagash
41.8%
Tower (Story)
Dracon
41.8%
Rampart
Ryland
40%
Inferno
Marius
40%
Necropolis
Tamika
40%
Tower
Neela
39.1%
Rampart
Clancy
39.1%
Inferno
Xarfax
39.1%
Necropolis
Thant
39.1%
Dungeon
Alamar
39.1%
Dungeon
Deemer
39.1%
Stronghold (Story)
Kilgor
39.1%
Conflux
Monere
39.1%
Conflux
Ciele
39.1%
Castle
Caitlin
38.2%
Castle
Cuthbert
38.2%
Rampart
Alagar
38.2%
Fortress
Styg
38.2%
Necropolis
Charna
38.2%
Necropolis
Moandor
38.2%
Dungeon
Dace
38.2%
Tower
Iona
37.3%
Tower
Astral
37.3%
Force
Hero character
% Correct
Inferno
Rashka
37.3%
Inferno
Xyron
37.3%
Inferno
Zydar
37.3%
Dungeon
Malekith
37.3%
Stronghold
Shiva
36.4%
Stronghold
Vey
36.4%
Inferno
Fiona
36.4%
Necropolis
Xsi
36.4%
Castle
Sylvia
35.5%
Castle
Ingham
35.5%
Rampart
Aeris
35.5%
Fortress
Voy
35.5%
Stronghold
Dessa
35.5%
Stronghold
Gundula
35.5%
Necropolis
Isra
35.5%
Inferno (Story)
Xeron
35.5%
Conflux
Luna
35.5%
Castle
Loynis
34.5%
Fortress
Bron
34.5%
Stronghold
Jabarkas
34.5%
Castle
Sanya
33.6%
Tower
Theodorus
33.6%
Stronghold
Oris
33.6%
Inferno
Calh
33.6%
Inferno
Pyre
33.6%
Inferno
Ash
33.6%
Conflux
Pasis
33.6%
Necropolis
Galthran
32.7%
Necropolis
Straker
32.7%
Dungeon
Sephinroth
32.7%
Conflux
Erdamon
32.7%
Conflux
Fiur
32.7%
Inferno
Ignatius
31.8%
Necropolis
Clavius
31.8%
Necropolis
Nimbus
31.8%
Necropolis
Septienna
31.8%
Dungeon
Jeddite
31.8%
Tower
Fafner
30.9%
Tower
Piquedram
30.9%
Tower
Rissa
30.9%
Rampart
Ufretin
30.9%
Inferno
Nymus
30.9%
Necropolis
Aislinn
30.9%
Dungeon
Lorelei
30.9%
Tower
Daremyth
30%
Rampart
Melodia
30%
Dungeon
Ajit
30%
Tower
Josephine
29.1%
Fortress
Alkin
29.1%
Stronghold
Krellion
29.1%
Inferno
Calid
29.1%
Dungeon
Geon
29.1%
Force
Hero character
% Correct
Conflux
Kalt
29.1%
Conflux
Lacus
29.1%
Tower
Cyra
28.2%
Rampart
Uland
28.2%
Dungeon
Darkstorn
28.2%
Rampart
Coronius
27.3%
Fortress
Mirlanda
27.3%
Stronghold
Tyraxor
27.3%
Stronghold
Zubin
27.3%
Fortress (Story)
Adrienne
27.3%
Stronghold
Gretchin
26.4%
Stronghold
Gird
26.4%
Dungeon
Shakti
26.4%
Conflux
Grindan
26.4%
Tower
Thane
25.5%
Tower
Torosar
25.5%
Fortress
Gerwulf
25.5%
Inferno
Octavia
25.5%
Inferno
Olema
25.5%
Conflux
Brissa
25.5%
Rampart
Elleshar
24.5%
Fortress
Drakon
24.5%
Conflux
Labetha
23.6%
Tower
Halon
22.7%
Tower
Serena
22.7%
Stronghold (Story)
Boragus
22.7%
Rampart
Malcom
21.8%
Fortress
Wystan
21.8%
Stronghold
Saurug
21.8%
Inferno
Ayden
21.8%
Conflux
Ignissa
21.8%
Conflux
Gelare
21.8%
Fortress
Korbac
20.9%
Fortress
Verdish
20.9%
Stronghold
Gurnisson
20.9%
Rampart
Thorgrim
20%
Inferno
Axsis
20%
Dungeon
Damacon
19.1%
Dungeon
Jaegar
19.1%
Conflux
Thunar
18.2%
Fortress
Tiva
17.3%
Fortress
Broghild
16.4%
Fortress
Andra
16.4%
Dungeon
Synca
16.4%
Conflux
Aenain
16.4%
Stronghold
Terek
14.5%
Dungeon
Arlach
14.5%
Conflux
Inteus
14.5%
Fortress
Merist
11.8%
Fortress
Rosic
10.9%
Quiz Playlist
Details
Report
Send in Message
Add To Playlist
Classic:
Type in answers that appear in a list
Last Updated: Feb 16, 2017
Quiz Scoreboard
CHALLENGE
Sign Up to Join the Scoreboard
Show All
Scores
Hide
Comments
May contain spoilers
Recently Published
1-10 Letter E Words III
by El_Dandy
Language
2m
Street Fighter Characters
by Artimus82
Gaming
60s
College Basketball Coaching Resumes
by pancakes188
Sports
9m
More to Explore
Quiz From the Vault
Featured Blog Post
Where Did the Easter Bunny Come From?
hide this ad
You Might Also Like...
Tags
Heroes
magic
Today's Top Quizzes in Gaming
Browse Gaming
hide this ad
Today's Top Quizzes in magic
Browse magic
Top Contributed Quizzes in Gaming
1
5-to-1: Consoles
2
7-to-1: Board Game Piece Blitz
3
5-to-1: Legend of Zelda
4
League of Legends Pro Players by Career/Team History
5
Destiny 2 exotic weapons by perk icons
6
Ultimate Genshin Impact Logic Puzzle (up to 4.3)
7
Quick Pick: Video Games Lost in Translation
8
Franchise by Action Figure
9
Who's on the WWE 2K24 Cover?
10
Genshin Impact Logic Puzzle Quiz
Explore More
Trending Topics
Anime
Crossword
NBA
Kpop
Marvel
Harry Potter
Disney
WWE
Puzzle
The Office
Pokémon
Country
NFL
Soccer
Song
hide this ad
More By:
cjm87
Quiz
Plays
Rating
Category
Featured
Created
All Things Sense8
3,377
4.00
Television
Aug 19, 2015
Final Fantasy Characters by Descriptions
143
3.00
Gaming
Aug 10, 2014
Heroes of Might and Magic III Characters
110
5.00
Gaming
Oct 26, 2014
Legend of Mana Grab Bag
38
4.50
Gaming
Oct 29, 2014
Go to Creator's Profile
Score Distribution
Quiz Creator Spotlight
cjm87
Follow
Send a Message
Quizzes Created
-
Created Quiz Play Count
-
More By This Creator
Popular Quizzes Today
1
Find the US States - No Outlines Minefield
2
Find the Countries of Europe - No Outlines Minefield
3
The Countries of the World
4
Find the US States
5
Risky Map Clicking: Biggest States A-Z
6
US States
7
Popular People in 1961
8
Movies - When Are They Set?
More Gaming Quizzes
Clueless Letter Lines: Mario Characters
Published
Trending Quizzes
Risky Map Clicking: Least Populous States A-Z
1-10 Letter G Words
1-10 Letter F Words
Countries of the World: 200 Million BC
Risky Map Clicking: Next State Alphabetically
Recently Updated
Beyoncé Albums
pecheneg
Leaping Animals
pecheneg
Reality TV Shows (A-Z)
bhenderson79
Rickey Henderson's Hall of Fame Teammates
pecheneg
Champions League XIs: Arsenal
pecheneg
Quick Pick: Celebrities in WWE's Hall of Fame
aduchscher
A-Z Keypad Blitz II
pecheneg
Multiple Oscar Actors
pecheneg
Mystery Phrase Blitz: Oscar 'Best Actors'
pecheneg
F. Scott Fitzgerald Novels
LTH
Trending Topics
NBA
Kpop
Crossword
Anime
Marvel
Harry Potter
Disney
Song
WWE
The Office
Soccer
Pokémon
Puzzle
NFL
Country
Your Account Isn't Verified!
In order to create a playlist on Sporcle, you need to verify the email address you used during registration. Go to your
Sporcle Settings
to finish the process.
Report this User
Report this user for behavior that violates our
Community Guidelines
.
Details:
Send Report
Go to the Sporcle.com Mobile Site →
Comments